banner koha

Inclusion of grape pomace in the diet of pigs on pork quality and oxidative stability of omega-3 enriched fat (Registro n. 329245)

MARC details
000 -LÍDER
fixed length control field 04104nab a2200361 i 4500
003 - CÓDIGO MARC DA AGÊNCIA CATALOGADORA
Campo de controle BR-BrBNA
005 - DATA E HORA DA ÚLTIMA ATUALIZAÇÃO
Campo de controle 20241217092838.0
008 - CAMPO DE TAMANHO FIXO
fixed length control field 241213b2017 bl.mr|pooa||| 00| 0 eng |
040 ## - FONTE DA CATALOGAÇÃO
Agência catalogadora BR-BrBNA
Idioma da catalogação eng
072 ## - CATEGORIA AGRIS
Código AGRIS L02
Código do objeto 5300
072 ## - CATEGORIA AGRIS
Código AGRIS Q04
100 ## - ENTRADA PRINCIPAL - NOME PESSOAL
Nome pessoal Bertol, Teresinha Marisa
100 ## - ENTRADA PRINCIPAL - NOME PESSOAL
Nome pessoal Ludke, Jorge Vitor
100 ## - ENTRADA PRINCIPAL - NOME PESSOAL
Nome pessoal Campos, Rogerio Manoel Lemes de
100 ## - ENTRADA PRINCIPAL - NOME PESSOAL
Nome pessoal Kawski, Vicky Lilge
100 ## - ENTRADA PRINCIPAL - NOME PESSOAL
Nome pessoal Cunha Junior, Anildo
100 ## - ENTRADA PRINCIPAL - NOME PESSOAL
Nome pessoal Figueiredo, Elsio Antonio Pereira de
245 ## - TÍTULO PRINCIPAL
Título principal Inclusion of grape pomace in the diet of pigs on pork quality and oxidative stability of omega-3 enriched fat
500 ## - NOTA GERAL
Nota geral Publicação on-line; 31 ref.; Sumaries (En, Pt)
942 ## - ADDED ENTRY ELEMENTS (KOHA)
Koha item type Analítica
520 ## - NOTA DE RESUMO
Nota de conteúdo <br/>ABSTRACT - The objective of this study was to assess the effects of including grape pomace in the diet of pigs on pork quality and oxidative stability of body fat enriched with omega-3 fatty acids. Four treatments were compared: T1) Control diet based on corn and soybean meal; T2) Diet with inclusion of 3% of a canola (50%) and flaxseed (50%) oil blend; T3) Diet with inclusion of 3% of the oil blend and sequential levels of 3 and 5% of grape pomace; T4) Diet with inclusion of 3% of the oil blend and sequential levels of 6 and 10% of grape pomace. Inclusion of grape pomace in the diet led to an increase (P<0.10) of a* value and color saturation index of meat. The omega-3 and polyunsaturated fatty acids (PUFA) content of backfat were increased (P>0.10) with dietary inclusion of oils blend. Neither the inclusion of the oil blend, nor the grape pomace had any effect (P>0.10) on the production of thiobarbituric acid reactive substances (TBARS) in the loin samples, despite the higher PUFA content in the fat of pigs fed the oil blend. Antioxidant effect of grape pomace was not possible to prove when measured by TBARS, but the increased redness of the pork from pigs fed with this ingredient suggested a possible antioxidant effect of grape pomace.<br/><br/>Key words: grape pomace, natural antioxidants, omega-3, pork quality
520 ## - NOTA DE RESUMO
Nota de conteúdo <br/>RESUMO - Este trabalho teve como objetivo avaliar a inclusão do bagaço de uva na dieta de suínos sobre a qualidade da carne e, a estabilidade oxidativa da gordura corporal enriquecida com ácidos graxos ômega-3. Foram comparados quatro tratamentos: T1 - Dieta controle baseada em milho e farelo de soja; T2 - Dieta com inclusão de 3% de uma mistura de óleos de canola (50%) e de semente de linho (50%); T3 - Dieta com inclusão de 3% da mistura de óleos e níveis sequenciais de 3 e 5% de bagaço de uva e; T4 - Dieta com inclusão de 3% da mistura de óleos e níveis sequenciais de 6 e 10% de bagaço de uva. A inclusão do bagaço de uva na dieta resultou no aumento (P<0,10) do valor de a* e índice de saturação da cor da carne. O conteúdo de ômega-3 e ácidos graxos poli-insaturados (PUFA) do toucinho aumentaram (P<0,10) em função da inclusão da mistura de óleos na dieta. A mistura de óleos e o bagaço de uva não afetaram a produção de substâncias reativas ao ácido tiobarbitúrico (TBARS) nas amostras de lombo, apesar do maior conteúdo de PUFA na gordura dos suínos que receberam a mistura de óleos na dieta. Não foi possível provar efeito antioxidante do bagaço de uva na carne através da determinação dos valores de TBARS. Porém, a cor vermelha mais intensa na carne dos suínos alimentados com este ingrediente sugere um possível efeito antioxidante do bagaço de uva.<br/><br/>Palavras-chave: antioxidantes naturais, bagaço de uva, ômega-3, qualidade da carne
650 ## - ASSUNTO - THESAGRO
Cabeçalho tópico ou nome geográfico SUÍNO
650 ## - ASSUNTO - THESAGRO
Cabeçalho tópico ou nome geográfico DIETA
650 ## - ASSUNTO - THESAGRO
Cabeçalho tópico ou nome geográfico UVA
650 ## - ASSUNTO - THESAGRO
Cabeçalho tópico ou nome geográfico BAGAÇO
650 ## - ASSUNTO - THESAGRO
Cabeçalho tópico ou nome geográfico ANTIOXIDANTE
650 ## - ASSUNTO - THESAGRO
Cabeçalho tópico ou nome geográfico CARNE
650 ## - ASSUNTO - THESAGRO
Cabeçalho tópico ou nome geográfico QUALIDADE
773 0# - ENTRADA ANALÍTICA
Host Biblionumber 2408
Registro do item 346531
Imprenta Santa Maria-RS Universidade Federal de Santa Maria - Centro de Ciências Rurais 1991
Outro identificador 2024-7202
Título Ciência Rural (Brazil)
ISSN 0103-8478 Versão online ISSN 1678-4596
Colação v. 47(4) p. 1-7 ; (2017)
Número de controle de registro BR2024004062
856 ## - ACESSO E ENDEREÇO ELETRÔNICO
Identificador uniforme de recurso - URI https://www.scielo.br/j/cr/a/GnXV53CChLYCBv8W8mNtfhz/?format=pdf&lang=en

Nenhum exemplar disponível.

BINAGRI

Telefone: (61)3218-2567/2388/3357/2097 - binagri@agro.gov.br

Ministério da Agricultura e Pecuária , Esplanada dos Ministérios, Bloco D, Anexo B, Brasília/DF, CEP: 70.043-900